书目信息 |
| 题名: |
中国农村水电及电气化
|
|
| 作者: | ;杭州亚太地区小水电研究培训中心 编著 | |
| 分册: | ||
| 出版信息: | 北京 中国水利水电出版社 2004.03 |
|
| 页数: | 163页 | |
| 开本: | 21cm | |
| 丛书名: | ||
| 单 册: | ||
| 中图分类: | TV752 | |
| 科图分类: | ||
| 主题词: | 农村--nong cun--水力发电工程--概况--中国--英文 , 农业电气化--nong ye dian qi hua--概况--中国--英文 | |
| 电子资源: | ||
| ISBN: | 7-5084-1905-7 | |
| 000 | 01168nam0 2200265 450 | |
| 001 | 012007895072 | |
| 005 | 20070924161409.62 | |
| 010 | @a7-5084-1905-7@dCNY39.00 | |
| 100 | @a20070816d2004 km y0chiy0120 ea | |
| 101 | 0 | @aeng |
| 102 | @aCN@b110000 | |
| 105 | @aa a 000yy | |
| 200 | 1 | @a中国农村水电及电气化@Azhong guo nong cun shui dian ji dian qi hua@d= Rural hydropower and electrification in China@f杭州(亚太地区)小水电研究培训中心编著@Fhang zhou(ya tai di qu)xiao shui dian yan jiu pei xun zhong xin bian zhu@zeng |
| 205 | @a英文版 | |
| 210 | @a北京@c中国水利水电出版社@d2004.03 | |
| 215 | @a163页@c图@d21cm | |
| 320 | @a有书目。 | |
| 330 | @a本书介绍中国农村小水电工程及电气化的发展、现状、前景。内容包括:一项调查水电开发,小水电业在中国的主要特点小水电资源在中国等。 | |
| 510 | 1 | @aRural hydropower and electrification in China@zeng |
| 606 | 0 | @a农村@Anong cun@x水力发电工程@x概况@y中国@x英文 |
| 606 | 0 | @a农业电气化@Anong ye dian qi hua@x概况@y中国@x英文 |
| 690 | @aTV752@v4 | |
| 711 | 02 | @a杭州亚太地区小水电研究培训中心@Ahang zhou ya tai di qu xiao shui dian yan jiu pei xun zhong xin@4编著 |
| 801 | 0 | @aCN@c20070924 |
| 905 | @dTV752@eH126 | |
| 中国农村水电及电气化= Rural hydropower and electrification in China/杭州(亚太地区)小水电研究培训中心编著.-英文版.-北京:中国水利水电出版社,2004.03 |
| 163页:图;21cm |
| ISBN 7-5084-1905-7:CNY39.00 |
| 本书介绍中国农村小水电工程及电气化的发展、现状、前景。内容包括:一项调查水电开发,小水电业在中国的主要特点小水电资源在中国等。 |
| ● |
| 相关链接 |
|
|
|
正题名:中国农村水电及电气化
索取号:TV752/H126
 
预约/预借
| 序号 | 登录号 | 条形码 | 馆藏地/架位号 | 状态 | 备注 |
| 1 | 259298 | 202592989 | 自科库501/501自科库 48排6列1层/ [索取号:TV752/H126] | 在馆 | |
| 2 | 259299 | 202592998 | 自科库501/501自科库 48排6列1层/ [索取号:TV752/H126] | 在馆 | |
| 3 | 259300 | 202593005 | 自科库501/501自科库 48排6列1层/ [索取号:TV752/H126] | 在馆 |